00681 2200241 4500001002100000005001700021008004100038020001800079035002400097082001300121090001800134245008900152250001100241260003300252300002300285650004400308710002600352850001500378980001200393985000600405986001300411999001500424YOGYA-0209000001605520090227022608.0 ind  a979-8061-03-2 0010-020900000016055 a346.0482 a346.0482bUnd aUNDANG-UNDANG hak cipta yang telah diperbaharuicdihimpun oleh Redaksi Sinar Grafika aCet. 3 aJakartabSinar Grafikac1994 axi, 304 hlmc21 cm aHak cipta - Undang undang dan peraturan aREDAKSI SINAR GRAFIKA aYOPDYOG(B) a3-10-05 a1 afwhrtrev a98P0109369